[Event "13th Leiden Crown Group 2019"]
[Site "Leiden"]
[Date "2019.07.17"]
[Round "5.1"]
[White "Pruijssers, Roeland"]
[Black "Kuipers, Stefan"]
[Result "1-0"]
[WhiteElo "2534"]
[BlackElo "2435"]
[Annotator "ChessBase"]
[PlyCount "93"]
[EventDate "2019.07.08"]
[EventType "tourn"]
[EventCountry "NED"]
[SourceTitle "playchess.com"]
[Source "ChessBase"]
[SourceQuality "1"]
[TimeControl "40/5400+30:1800+30"]

1. e4 {[%emt 0:01:50]} c6 {[%emt 0:00:00]} 2. d4 {[%emt 0:00:09]} d5 {[%emt 0:00:00]} 3. e5 {[%emt 0:00:06]} Bf5 {[%emt 0:00:00]} 4. Nf3 {[%emt 0:00:06]} e6 {[%emt 0:00:00]} 5. Be2 {[%emt 0:00:06]} Ne7 {[%emt 0:00:06]} 6. O-O {[%emt 0:00:21]} Nd7 {[%emt 0:00:15]} 7. c3 {[%emt 0:02:29]} h6 {[%emt 0:02:00]} 8. Nbd2 {[%emt 0:04:22]} g5 {[%emt 0:00:48]} 9. Ne1 {[%emt 0:03:46]} Qc7 {[%emt 0:03:42]} 10. Nb3 {[%emt 0:03:54]} O-O-O {[%emt 0:04:15]} 11. Bd3 {[%emt 0:20:29]} Bg7 {[%emt 0:32:13]} 12. Bxf5 {[%emt 0:12:21]} Nxf5 {[%emt 0:00:24]} 13. Nd3 {[%emt 0:00:15]} c5 {[%emt 0:11:48]} 14. Nbxc5 {[%emt 0:02:53]} Nxc5 {[%emt 0:00:39]} 15. dxc5 {[%emt 0:01:09]} Bxe5 {[%emt 0:03:36]} 16. Qh5 {[%emt 0:00:08]} Bg7 {[%emt 0:04:39]} 17. b4 {[%emt 0:06:57]} Bxc3 {[%emt 0:08:35]} 18. Rb1 {[%emt 0:00:06]} Kb8 {[%emt 0:00:28]} 19. b5 {[%emt 0:04:02]} b6 {[%emt 0:08:32]} 20. Ba3 {[%emt 0:02:18]} g4 {[%emt 0:02:06]} 21. Rfc1 {[%emt 0:07:29]} d4 {[%emt 0:03:45]} 22. cxb6 {[%emt 0:02:39]} axb6 {[%emt 0:02:28]} 23. Nb4 {[%emt 0:01:04]} Ka8 {[%emt 0:00:46]} 24. Qxg4 {[%emt 0:00:48]} Ne7 {[%emt 0:02:07]} 25. Qe4+ {[%emt 0:09:52]} Ka7 {[%emt 0:02:55]} 26. Na6 {[%emt 0:04:27]} Qd7 {[%emt 0:00:25]} 27. Bxe7 {[%emt 0:00:34]} Qxe7 {[%emt 0:00:23]} 28. Nb4 {[%emt 0:00:09]} Bxb4 {[%emt 0:01:10]} 29. Rxb4 {[%emt 0:00:06]} Rd5 {[%emt 0:01:20]} 30. Rbc4 {[%emt 0:01:12]} Kb7 {[%emt 0:01:14]} 31. Qc2 {[%emt 0:00:20]} Rc5 {[%emt 0:00:35]} 32. Qe4+ {[%emt 0:01:24]} Rd5 {[%emt 0:00:08]} 33. Qf4 {[%emt 0:01:53]} e5 {[%emt 0:01:02]} 34. Qe4 {[%emt 0:01:24]} Rhd8 {[%emt 0:00:07]} 35. Rxd4 {[%emt 0:00:49]} Qd6 {[%emt 0:02:40]} 36. Rxd5 {[%emt 0:02:34]} Qxd5 {[%emt 0:00:03]} 37. Qa4 {[%emt 0:00:51]} Kb8 {[%emt 0:00:47]} 38. h3 {[%emt 0:01:03]} Rg8 {[%emt 0:00:56]} 39. g3 {[%emt 0:00:47]} Qd3 {[%emt 0:00:54]} 40. Qc4 {[%emt 0:01:18]} Qxc4 {[%emt 0:01:07]} 41. Rxc4 {[%emt 0:30:06]} Rg6 {[%emt 0:03:33]} 42. Kg2 {[%emt 0:00:00]} Kb7 {[%emt 0:01:47]} 43. f4 {[%emt 0:00:00]} Re6 {[%emt 0:02:07]} 44. Kf3 {[%emt 0:00:00]} f5 {[%emt 0:02:01]} 45. fxe5 {[%emt 0:00:00]} Rxe5 {[%emt 0:00:05]} 46. a4 {[%emt 0:00:00]} Rd5 {[%emt 0:00:05]} 47. Rh4 {[%emt 0:00:00]} 1-0

[Event "13th Leiden Crown Group 2019"]
[Site "Leiden"]
[Date "2019.07.17"]
[Round "5.2"]
[White "Schekachikhin, Maksim"]
[Black "Nikolic, Predrag"]
[Result "0-1"]
[WhiteElo "2415"]
[BlackElo "2574"]
[Annotator "ChessBase"]
[PlyCount "88"]
[EventDate "2019.07.08"]
[EventType "tourn"]
[EventCountry "NED"]
[SourceTitle "playchess.com"]
[Source "ChessBase"]
[SourceQuality "1"]
[TimeControl "40/5400+30:1800+30"]

1. d4 {[%emt 0:00:00]} f5 {[%emt 0:00:00]} 2. Bf4 {[%emt 0:00:47]} Nf6 {[%emt 0:00:10]} 3. e3 {[%emt 0:00:29]} g6 {[%emt 0:00:27]} 4. Nf3 {[%emt 0:02:28]} Bg7 {[%emt 0:01:16]} 5. Bc4 {[%emt 0:00:33]} d6 {[%emt 0:01:35]} 6. h3 {[%emt 0:01:01]} e6 {[%emt 0:00:18]} 7. g4 {[%emt 0:02:02]} Qe7 {[%emt 0:01:43]} 8. gxf5 {[%emt 0:07:10]} exf5 {[%emt 0:00:10]} 9. Nc3 {[%emt 0:01:51]} Nbd7 {[%emt 0:05:06]} 10. Qe2 {[%emt 0:23:42]} Nb6 {[%emt 0:00:36]} 11. Bb3 {[%emt 0:00:21]} Be6 {[%emt 0:01:22]} 12. Bxe6 {[%emt 0:04:13]} Qxe6 {[%emt 0:00:07]} 13. Ng5 {[%emt 0:00:21]} Qd7 {[%emt 0:02:28]} 14. O-O-O {[%emt 0:06:25]} h6 {[%emt 0:02:36]} 15. Nf3 {[%emt 0:00:49]} g5 {[%emt 0:00:11]} 16. Bh2 {[%emt 0:06:22]} O-O-O {[%emt 0:00:18]} 17. h4 {[%emt 0:03:20]} g4 {[%emt 0:00:49]} 18. Ne1 {[%emt 0:00:06]} h5 {[%emt 0:03:02]} 19. Nd3 {[%emt 0:02:51]} Ne4 {[%emt 0:00:50]} 20. Nxe4 {[%emt 0:03:45]} fxe4 {[%emt 0:00:12]} 21. Nf4 {[%emt 0:00:06]} d5 {[%emt 0:01:47]} 22. Kb1 {[%emt 0:04:03]} Rh6 {[%emt 0:03:24]} 23. b3 {[%emt 0:05:41]} Bf8 {[%emt 0:02:25]} 24. c3 {[%emt 0:03:55]} Ba3 {[%emt 0:02:47]} 25. Rd2 {[%emt 0:04:40]} a5 {[%emt 0:05:02]} 26. Rc2 {[%emt 0:02:06]} a4 {[%emt 0:04:33]} 27. b4 {[%emt 0:01:19]} Nc4 {[%emt 0:02:04]} 28. Ka1 {[%emt 0:00:51]} b6 {[%emt 0:00:26]} 29. Rb1 {[%emt 0:01:35]} Kb7 {[%emt 0:00:14]} 30. Qd1 {[%emt 0:01:36]} Rf8 {[%emt 0:00:39]} 31. Bg3 {[%emt 0:01:10]} Qb5 {[%emt 0:02:15]} 32. Qe2 {[%emt 0:01:44]} Rf5 {[%emt 0:00:31]} 33. Bh2 {[%emt 0:02:26]} Nd6 {[%emt 0:08:37]} 34. c4 {[%emt 0:03:19]} Nxc4 {[%emt 0:08:35]} 35. Nxd5 {[%emt 0:00:32]} Qxd5 {[%emt 0:00:28]} 36. Rxc4 {[%emt 0:01:28]} Rc6 {[%emt 0:00:14]} 37. Rxc6 {[%emt 0:01:14]} Qxc6 {[%emt 0:00:07]} 38. Qd2 {[%emt 0:00:12]} Rb5 {[%emt 0:02:03]} 39. Be5 {[%emt 0:00:34]} Qc4 {[%emt 0:01:01]} 40. d5 {[%emt 0:00:56]} Rxd5 {[%emt 0:01:03]} 41. Bd4 {[%emt 0:31:39]} Qd3 {[%emt 0:30:51]} 42. Qxd3 {[%emt 0:00:00]} exd3 {[%emt 0:00:00]} 43. b5 {[%emt 0:00:00]} Rf5 {[%emt 0:00:00]} 44. e4 {[%emt 0:00:00]} Rf4 {[%emt 0:00:00]} 0-1

[Event "13th Leiden Crown Group 2019"]
[Site "Leiden"]
[Date "2019.07.17"]
[Round "5.3"]
[White "Sengupta, Deep"]
[Black "Pijpers, Arthur"]
[Result "1-0"]
[WhiteElo "2558"]
[BlackElo "2474"]
[Annotator "ChessBase"]
[PlyCount "73"]
[EventDate "2019.07.08"]
[EventType "tourn"]
[EventCountry "NED"]
[SourceTitle "playchess.com"]
[Source "ChessBase"]
[SourceQuality "1"]
[TimeControl "40/5400+30:1800+30"]

1. e4 {[%emt 0:00:00]} c5 {[%emt 0:00:00]} 2. Nf3 {[%emt 0:00:00]} d6 {[%emt 0:00:00]} 3. d4 {[%emt 0:00:00]} cxd4 {[%emt 0:00:00]} 4. Nxd4 {[%emt 0:00:00]} Nf6 {[%emt 0:00:00]} 5. Nc3 {[%emt 0:00:01]} Nc6 {[%emt 0:00:00]} 6. Bg5 {[%emt 0:00:25]} e6 {[%emt 0:00:00]} 7. Qd2 {[%emt 0:00:03]} Qb6 {[%emt 0:00:00]} 8. Nb3 {[%emt 0:11:48]} Be7 {[%emt 0:00:17]} 9. Be2 {[%emt 0:03:27]} O-O {[%emt 0:07:30]} 10. Be3 {[%emt 0:02:40]} Qc7 {[%emt 0:00:32]} 11. g4 {[%emt 0:00:04]} d5 {[%emt 0:15:26]} 12. exd5 {[%emt 0:02:12]} Nxd5 {[%emt 0:03:11]} 13. Nxd5 {[%emt 0:00:06]} exd5 {[%emt 0:00:04]} 14. O-O-O {[%emt 0:00:53]} Rd8 {[%emt 0:11:31]} 15. Nd4 {[%emt 0:01:44]} a6 {[%emt 0:01:32]} 16. h3 {[%emt 0:15:55]} Bd7 {[%emt 0:12:28]} 17. Rhe1 {[%emt 0:03:21]} Ne5 {[%emt 0:04:24]} 18. Bf4 {[%emt 0:05:35]} Bd6 {[%emt 0:00:38]} 19. Bg3 {[%emt 0:00:18]} Rac8 {[%emt 0:04:47]} 20. Kb1 {[%emt 0:03:10]} b5 {[%emt 0:10:40]} 21. Bf1 {[%emt 0:01:56]} Re8 {[%emt 0:11:44]} 22. Re3 {[%emt 0:09:34]} Nc4 {[%emt 0:00:26]} 23. Bxc4 {[%emt 0:03:12]} Rxe3 {[%emt 0:19:23]} 24. fxe3 {[%emt 0:19:55]} dxc4 {[%emt 0:00:00]} 25. Nf5 {[%emt 0:06:57]} Bxg3 {[%emt 0:00:00]} 26. Ne7+ {[%emt 0:00:19]} Kf8 {[%emt 0:00:00]} 27. Nxc8 {[%emt 0:00:04]} Ke8 {[%emt 0:00:00]} 28. Nd6+ {[%emt 0:01:19]} Ke7 {[%emt 0:00:00]} 29. Ne4 {[%emt 0:01:39]} Be5 {[%emt 0:00:00]} 30. Qb4+ {[%emt 0:00:22]} Ke8 {[%emt 0:00:00]} 31. Nd6+ {[%emt 0:01:07]} Bxd6 {[%emt 0:00:00]} 32. Qxd6 {[%emt 0:00:05]} Qxd6 {[%emt 0:00:00]} 33. Rxd6 {[%emt 0:00:05]} Bc8 {[%emt 0:00:00]} 34. a4 {[%emt 0:00:19]} Ke7 {[%emt 0:00:00]} 35. Rc6 {[%emt 0:00:13]} Kd7 {[%emt 0:00:00]} 36. axb5 {[%emt 0:00:05]} axb5 {[%emt 0:00:00]} 37. Rb6 {[%emt 0:00:04]} 1-0

[Event "13th Leiden Crown Group 2019"]
[Site "Leiden"]
[Date "2019.07.17"]
[Round "5.4"]
[White "Stefansson, Hannes"]
[Black "Lalith Babu M R"]
[Result "1/2-1/2"]
[WhiteElo "2562"]
[BlackElo "2580"]
[Annotator "ChessBase"]
[PlyCount "102"]
[EventDate "2019.07.08"]
[EventType "tourn"]
[EventCountry "NED"]
[SourceTitle "playchess.com"]
[Source "ChessBase"]
[SourceQuality "1"]
[TimeControl "40/5400+30:1800+30"]

1. e4 {[%emt 0:00:00]} e5 {[%emt 0:00:00]} 2. Nf3 {[%emt 0:00:00]} Nc6 {[%emt 0:00:00]} 3. Bb5 {[%emt 0:00:08]} a6 {[%emt 0:00:00]} 4. Ba4 {[%emt 0:00:11]} Nf6 {[%emt 0:00:00]} 5. O-O {[%emt 0:00:24]} Be7 {[%emt 0:00:20]} 6. Re1 {[%emt 0:00:18]} b5 {[%emt 0:00:07]} 7. Bb3 {[%emt 0:00:21]} d6 {[%emt 0:00:06]} 8. c3 {[%emt 0:00:24]} O-O {[%emt 0:00:12]} 9. h3 {[%emt 0:00:34]} Bb7 {[%emt 0:08:40]} 10. d4 {[%emt 0:02:12]} Nd7 {[%emt 0:01:40]} 11. Nbd2 {[%emt 0:09:11]} Bf6 {[%emt 0:00:11]} 12. Nf1 {[%emt 0:02:24]} Na5 {[%emt 0:16:54]} 13. Bc2 {[%emt 0:00:22]} c5 {[%emt 0:00:04]} 14. dxc5 {[%emt 0:08:04]} dxc5 {[%emt 0:00:44]} 15. Ne3 {[%emt 0:06:08]} g6 {[%emt 0:04:01]} 16. Qe2 {[%emt 0:05:50]} Bg7 {[%emt 0:01:17]} 17. Rd1 {[%emt 0:00:48]} Qc7 {[%emt 0:03:01]} 18. a4 {[%emt 0:16:15]} b4 {[%emt 0:03:55]} 19. cxb4 {[%emt 0:03:12]} cxb4 {[%emt 0:01:07]} 20. Bd2 {[%emt 0:03:38]} Nc6 {[%emt 0:01:21]} 21. Nd5 {[%emt 0:00:59]} Qb8 {[%emt 0:00:17]} 22. Nxb4 {[%emt 0:04:42]} Nd4 {[%emt 0:00:22]} 23. Nxd4 {[%emt 0:00:08]} exd4 {[%emt 0:00:03]} 24. Nd3 {[%emt 0:09:41]} Re8 {[%emt 0:03:30]} 25. f3 {[%emt 0:00:36]} a5 {[%emt 0:03:10]} 26. Bf4 {[%emt 0:01:04]} Qd8 {[%emt 0:00:19]} 27. Qd2 {[%emt 0:01:27]} Ba6 {[%emt 0:01:30]} 28. Rab1 {[%emt 0:02:35]} Rc8 {[%emt 0:07:57]} 29. b4 {[%emt 0:02:31]} axb4 {[%emt 0:00:13]} 30. Nxb4 {[%emt 0:00:37]} Bc4 {[%emt 0:00:10]} 31. Nd3 {[%emt 0:02:07]} Ba6 {[%emt 0:01:58]} 32. Nb4 {[%emt 0:05:38]} Bc4 {[%emt 0:00:40]} 33. Bg3 {[%emt 0:00:18]} Nc5 {[%emt 0:01:58]} 34. Bf2 {[%emt 0:00:41]} Ne6 {[%emt 0:00:26]} 35. Nd3 {[%emt 0:00:30]} Qd6 {[%emt 0:09:53]} 36. a5 {[%emt 0:00:47]} Ra8 {[%emt 0:02:15]} 37. Nb2 {[%emt 0:04:34]} Ba6 {[%emt 0:07:11]} 38. Nd3 {[%emt 0:00:07]} Bc4 {[%emt 0:00:25]} 39. Ra1 {[%emt 0:00:23]} Rec8 {[%emt 0:01:12]} 40. Qe1 {[%emt 0:03:52]} Bxd3 {[%emt 0:03:10]} 41. Bxd3 {[%emt 0:30:05]} Nf4 {[%emt 0:30:07]} 42. Qf1 {[%emt 0:03:21]} Be5 {[%emt 0:01:33]} 43. a6 {[%emt 0:00:00]} Nxd3 {[%emt 0:00:00]} 44. Qxd3 {[%emt 0:00:00]} Rc6 {[%emt 0:00:00]} 45. a7 {[%emt 0:00:00]} Rc7 {[%emt 0:00:00]} 46. f4 {[%emt 0:00:00]} Bxf4 {[%emt 0:00:00]} 47. Bxd4 {[%emt 0:00:00]} Qe7 {[%emt 0:00:00]} 48. Qa6 {[%emt 0:00:00]} Qxe4 {[%emt 0:00:00]} 49. Qf6 {[%emt 0:00:00]} Be3+ {[%emt 0:00:00]} 50. Kh1 {[%emt 0:00:00]} Bxd4 {[%emt 0:00:00]} 51. Rxd4 {[%emt 0:00:00]} Qe7 {[%emt 0:00:00]} 1/2-1/2

[Event "13th Leiden Crown Group 2019"]
[Site "Leiden"]
[Date "2019.07.17"]
[Round "5.5"]
[White "Das, Arghyadip"]
[Black "Van der Wiel, John T.H."]
[Result "1-0"]
[WhiteElo "2439"]
[BlackElo "2380"]
[Annotator "NA"]
[PlyCount "81"]
[EventDate "2019.07.08"]
[EventType "tourn"]
[EventCountry "NED"]
[SourceTitle "playchess.com"]
[Source "ChessBase"]
[SourceQuality "1"]
[TimeControl "40/5400+30:1800+30"]

1. e4 {[%emt 0:00:00]} c5 {[%emt 0:00:00]} 2. Nf3 {[%emt 0:00:00]} Nc6 {[%emt 0:00:06]} 3. Bb5 {[%emt 0:00:28]} g6 {[%emt 0:00:20]} 4. Bxc6 {[%emt 0:00:23]} bxc6 {[%emt 0:01:21]} 5. d4 {[%emt 0:00:20]} cxd4 {[%emt 0:01:11]} 6. Qxd4 {[%emt 0:00:04]} f6 {[%emt 0:03:02]} 7. O-O {[%emt 0:04:21]} Bg7 {[%emt 0:10:24]} 8. c4 {[%emt 0:00:59]} Nh6 {[%emt 0:00:36]} 9. Bxh6 {[%emt 0:00:31]} Bxh6 {[%emt 0:00:15]} 10. c5 {[%emt 0:00:04]} O-O {[%emt 0:06:15]} 11. Rd1 {[%emt 0:00:12]} Qc7 {[%emt 0:14:53]} 12. Na3 {[%emt 0:08:45]} Kh8 {[%emt 0:01:55]} 13. Rd3 {[%emt 0:23:19]} Rb8 {[%emt 0:08:30]} 14. Nc4 {[%emt 0:08:11]} Ba6 {[%emt 0:02:14]} 15. b3 {[%emt 0:00:30]} Rbd8 {[%emt 0:04:12]} 16. Rad1 {[%emt 0:07:18]} Bg7 {[%emt 0:04:04]} 17. Qc3 {[%emt 0:06:54]} Qf4 {[%emt 0:29:22]} 18. Nfd2 {[%emt 0:27:04]} Qg4 {[%emt 0:01:10]} 19. Re1 {[%emt 0:01:41]} Qe6 {[%emt 0:01:14]} 20. Qa5 {[%emt 0:00:55]} Bc8 {[%emt 0:02:00]} 21. Nf3 {[%emt 0:00:27]} d6 {[%emt 0:04:04]} 22. cxd6 {[%emt 0:02:00]} exd6 {[%emt 0:00:23]} 23. Qxa7 {[%emt 0:00:35]} d5 {[%emt 0:00:55]} 24. exd5 {[%emt 0:00:19]} Qf5 {[%emt 0:00:13]} 25. Red1 {[%emt 0:03:39]} Rxd5 {[%emt 0:01:03]} 26. Rxd5 {[%emt 0:00:04]} cxd5 {[%emt 0:00:06]} 27. Ne3 {[%emt 0:00:06]} Qe4 {[%emt 0:00:30]} 28. Rxd5 {[%emt 0:01:02]} f5 {[%emt 0:01:00]} 29. Rd1 {[%emt 0:00:54]} f4 {[%emt 0:00:22]} 30. Nf1 {[%emt 0:00:34]} Bg4 {[%emt 0:00:44]} 31. Re1 {[%emt 0:01:25]} Qf5 {[%emt 0:01:27]} 32. Qb7 {[%emt 0:00:54]} Qa5 {[%emt 0:01:07]} 33. Re7 {[%emt 0:00:54]} Bxf3 {[%emt 0:00:19]} 34. Qxf3 {[%emt 0:00:58]} Qxa2 {[%emt 0:00:15]} 35. h3 {[%emt 0:00:37]} Rb8 {[%emt 0:01:02]} 36. Rb7 {[%emt 0:00:32]} Rf8 {[%emt 0:00:21]} 37. Qd3 {[%emt 0:00:38]} Qb2 {[%emt 0:00:27]} 38. Nd2 {[%emt 0:00:32]} Qc1+ {[%emt 0:01:00]} 39. Kh2 {[%emt 0:00:25]} f3 {[%emt 0:00:35]} 40. gxf3 {[%emt 0:00:48]} Bc3 {[%emt 0:00:32]} 41. Qd7 {[%emt 0:01:17]} 1-0

[Event "13th Leiden Crown Group 2019"]
[Site "Leiden"]
[Date "2019.07.18"]
[Round "6.1"]
[White "Kuipers, Stefan"]
[Black "Van der Wiel, John T.H."]
[Result "1/2-1/2"]
[WhiteElo "2435"]
[BlackElo "2380"]
[Annotator "TA"]
[PlyCount "51"]
[EventDate "2019.07.08"]
[EventType "tourn"]
[EventCountry "NED"]
[SourceTitle "playchess.com"]
[Source "ChessBase"]
[SourceQuality "1"]

{[%evp 10,51,24,18,20,17,27,5,31,0,24,-39,-73,-78,-82,-52,-68,-122,-100,-95,-102,-116,-85,-82,-63,-94,-102,-87,-74,-73,-61,-61,-54,-70,-53,-47,-43,-45,0,-44,0,-60,0,-16]} 1. e4 c5 2. Nf3 d6 3. Nc3 a6 4. d4 cxd4 5. Nxd4 Nf6 6. Nb3 g6 {B90: Sicilian Najdorf: Unusual White 6th moves, 6 Be3 Ng4 and 6 Be3 e5} 7. Be2 (7. Be3 Bg7 8. Qd2 Ng4 9. Bg5 h6 10. Bh4 g5 11. Bg3 Nc6 12. Be2 Nge5 13. h4 gxh4 14. Bxh4 {0-1 (35) Alekseenko,K (2638)-Nepomniachtchi,I (2763) St Petersburg 2018}) 7... Nbd7 8. g4 h6 9. f4 b5 10. e5 $146 ({White should try} 10. a3 $11) ({Predecessor:} 10. Bf3 Bg7 11. Qe2 b4 12. Nd1 a5 13. c4 Bb7 14. Rb1 a4 15. Nd2 Nc5 16. Nf2 {0-1 (49) Nijboer,F (2525)-Sadler,M (2615) Yerevan 1996}) 10... Bb7 $15 11. Bf3 Bxf3 12. Qxf3 dxe5 13. f5 (13. Be3 $15) 13... gxf5 14. gxf5 Rc8 15. Qb7 {[#]} b4 $1 {[%mdl 512]} 16. Qxb4 Qb6 17. Qh4 Rg8 18. Bd2 Rg1+ 19. Rxg1 Qxg1+ 20. Ke2 Qg2+ 21. Qf2 Qg4+ 22. Qf3 $1 Qc4+ 23. Qd3 Qg4+ 24. Qf3 $1 Qc4+ 25. Qd3 $1 Qg4+ 26. Qf3 $1 {Accuracy: White = 59%, Black = 38%.} 1/2-1/2

[Event "13th Leiden Crown Group 2019"]
[Site "Leiden"]
[Date "2019.07.18"]
[Round "6.2"]
[White "Lalith Babu M R"]
[Black "Das, Arghyadip"]
[Result "1/2-1/2"]
[WhiteElo "2580"]
[BlackElo "2439"]
[Annotator "TA"]
[PlyCount "39"]
[EventDate "2019.07.08"]
[EventType "tourn"]
[EventCountry "NED"]
[SourceTitle "playchess.com"]
[Source "ChessBase"]
[SourceQuality "1"]

{[%evp 19,39,38,77,43,28,0,8,-14,-11,-16,-18,-22,0,0,0,0,0,-8,-7,0,0,0]} 1. c4 e6 2. Nc3 d5 3. d4 c6 4. e3 Bd6 5. Bd3 Nf6 6. Nf3 Nbd7 7. O-O O-O 8. e4 dxe4 9. Nxe4 Nxe4 10. Bxe4 h6 11. Be3 $146 {D46: Semi-Slav: 5 e3 Nbd7 6 Bd3, Black avoids the Meran} (11. Bc2 e5 12. b4 Re8 13. c5 Bc7 14. Re1 exd4 15. Rxe8+ Qxe8 16. Bb2 Ne5 17. Qxd4 Nxf3+ 18. gxf3 f6 19. Qd3 Qh5 20. h4 Be6 21. Bxf6 gxf6 22. Qh7+ Kf8 23. Qxc7 {½-½ (23) Matlakov,M (2693)-Mozharov,M (2555) Moscow 2015}) ({Predecessor:} 11. c5 Bc7 12. Be3 e5 13. Bc2 {½-½ (14) Mohr,G (2483)-Zupe,M (2385) Bled 1999}) 11... e5 12. Bc2 Re8 {The position is equal.} 13. c5 Bc7 14. dxe5 Nxe5 15. Nxe5 Qxd1 (15... Bxe5 {looks sharper.} 16. Qxd8 Rxd8 17. Rad1 Be6 18. Rxd8+ Rxd8 19. b3 f5) 16. Rfxd1 {[#] Nc4 is the strong threat.} Bxe5 17. Bd4 Bxd4 18. Rxd4 Be6 19. Rad1 Bd5 20. Kf1 1/2-1/2

[Event "13th Leiden Crown Group 2019"]
[Site "Leiden"]
[Date "2019.07.18"]
[Round "6.3"]
[White "Pijpers, Arthur"]
[Black "Stefansson, Hannes"]
[Result "1-0"]
[WhiteElo "2474"]
[BlackElo "2562"]
[Annotator "TA"]
[PlyCount "73"]
[EventDate "2019.07.08"]
[EventType "tourn"]
[EventCountry "NED"]
[SourceTitle "playchess.com"]
[Source "ChessBase"]
[SourceQuality "1"]

{[%evp 28,73,31,8,36,38,61,53,41,47,45,50,56,50,81,75,60,70,68,50,48,49,94,10,14,5,29,0,15,0,36,-9,-9,-11,-11,-26,-29,-18,-19,-78,-70,-81,-78,-78,-78,-157,-154,-429]} 1. e4 e5 2. Nf3 Nc6 3. Bb5 a6 4. Ba4 Nf6 5. O-O Nxe4 6. d4 b5 7. Bb3 d5 8. dxe5 Be6 9. Qe2 Be7 10. Rd1 O-O 11. c4 bxc4 12. Bxc4 Bc5 13. Be3 Bxe3 14. Qxe3 Qb8 15. Bb3 $1 Ne7 {[#] C81: Open Ruy Lopez: Keres Variation (9 Qe2)} (15... Na5 {is more complex.} 16. Nbd2 Nxd2 17. Rxd2 Nxb3 18. axb3 Rc8) (15... Na5 16. Nbd2 Qa7 17. Nxe4 Qxe3 18. fxe3 Nxb3 19. axb3 dxe4 20. Nd4 c5 21. Nc6 Rfe8 22. Ra5 Bxb3 23. Rd6 h6 24. h4 h5 {½-½ (88) Giri,A (2782)-Mamedyarov,S (2801) chess.com INT 2018}) 16. Nbd2 $146 {[%cal Bb1d2,Bd2f1,Bf1e3][%mdl 32]} ({Predecessor:} 16. Nc3 Nxc3 17. Qxc3 a5 18. Qc5 a4 19. Qxe7 axb3 20. a4 Bg4 21. Rxd5 Bxf3 22. gxf3 Ra6 23. Rad1 {1-0 (37) Lu,S (2615)-Torre,E (2468) Olongapo City 2015}) 16... Qb6 17. Qxb6 cxb6 {White is slightly better.} 18. Nd4 {Threatens to win with Nxe4.} Nc5 19. Bc2 Bd7 20. Nf1 Nc6 21. Nxc6 Bxc6 22. Ne3 Rad8 23. Nf5 Rfe8 24. f4 g5 25. g3 (25. b4 $16 Ne6 26. fxg5) 25... gxf4 $11 26. gxf4 Ne6 27. Nd6 Re7 $1 28. Rf1 Kh8 29. f5 Ng5 $1 $36 {[%mdl 2048] [#] aiming for ...Rg8. Black has some pressure.} 30. Rae1 d4 {[%cal Rg5h3]} 31. h4 Nf3+ 32. Rxf3 Bxf3 33. Kf2 (33. f6 $11 {remains equal.} Rc7 34. Bb3) 33... Bd5 $17 {And now ...f6 would win.} 34. f6 $1 {[%cal Rf6e7]} Rc7 35. Be4 {[#]} Be6 $1 36. Rg1 (36. Kf3 $142) 36... Rg8 {Strongly threatening ...Rxg1.} ({Stronger than} 36... Bxa2 37. Rg7 $11) 37. Rg7 $2 {[%mdl 32768] Accuracy: White = 54%, Black = 50%. . Loss on time!?} (37. Rd1 $17) 1-0

[Event "13th Leiden Crown Group 2019"]
[Site "Leiden"]
[Date "2019.07.18"]
[Round "6.4"]
[White "Nikolic, Predrag"]
[Black "Sengupta, Deep"]
[Result "1-0"]
[WhiteElo "2574"]
[BlackElo "2558"]
[Annotator "TA"]
[PlyCount "113"]
[EventDate "2019.07.08"]
[EventType "tourn"]
[EventCountry "NED"]
[SourceTitle "playchess.com"]
[Source "ChessBase"]
[SourceQuality "1"]

{[%evp 16,113,8,0,15,-31,-19,-39,-15,-36,0,0,0,-16,-20,-13,-20,-48,-19,-54,-2,-2,-2,-76,-53,-59,-56,-52,0,0,0,0,0,0,0,0,0,0,0,0,0,0,0,0,0,0,0,0,0,0,0,0,8,0,0,0,0,0,0,0,36,29,29,29,34,33,37,33,43,16,235,234,310,315,323,298,527,501,620,629,594,568,530,266,257,240,228,227,398,398,768,479,829,844,923,911,3026,3001,29964,29965]} 1. Nf3 e6 2. g3 b5 3. d4 Bb7 4. Bg2 Nf6 5. O-O c5 6. c3 cxd4 7. cxd4 Be7 8. Bg5 O-O 9. Nbd2 d6 {A46: 1 d4 Nf6 2 Nf3 e6: Torre, London and Colle Systems} (9... h6 10. Bxf6 Bxf6 11. Qb3 Qb6 12. a4 Nc6 13. e3 bxa4 14. Rxa4 Be7 15. Ne5 Nxe5 16. Bxb7 Rab8 17. Qxb6 axb6 {½-½ (79) Bindrich,F (2602)-Ider,B (2505) Karlsruhe 2018}) 10. Nb3 Nbd7 $146 {[%cal Bb8d7,Bd7f6,Bf6e4][%mdl 32]} ({Predecessor:} 10... Qb6 11. Be3 Bd5 12. Nc1 Nc6 13. h3 Qb7 14. Nd3 Rac8 15. Nf4 Be4 {0-1 (33) Pajukari,S (2042)-Illetsko,J (2253) ICCF email 2008}) 11. Qd3 Qb6 {Black is slightly better.} 12. Rfc1 Be4 13. Qc3 a5 14. Bxf6 Nxf6 15. Nbd2 Bb7 16. Qd3 Rac8 17. e4 d5 (17... b4 $15) 18. e5 $11 Ne4 19. Nf1 (19. Bf1 $11) 19... b4 20. Ne3 Ba6 21. Qd1 f5 ({Black should play} 21... Rcd8 $15) 22. exf6 $1 gxf6 23. Bf1 Bxf1 24. Qxf1 f5 25. Rxc8 Rxc8 26. Rc1 Rf8 27. Qd3 f4 28. Ng4 Bd6 29. Rc2 a4 30. Kg2 b3 31. axb3 axb3 32. Re2 Qb7 33. Nge5 Kh8 34. Kf1 Bb8 35. g4 Rc8 36. Qd1 Qb5 37. Nd3 Ba7 38. Kg2 Rf8 39. h3 Qb7 40. Re1 Qg7 41. Nde5 Rc8 42. Re2 Kg8 $2 (42... Rf8 $11 {and Black is okay.}) 43. Qxb3 $18 {[#] Strongly threatening Rxe4!} Kh8 44. Rc2 Rf8 45. Qa4 h5 $2 (45... Bb8 46. Qa6 Bxe5) 46. Qa6 hxg4 47. hxg4 Bxd4 48. Qxe6 {[#] Ng6+ is the strong threat.} ({Not} 48. Nxd4 Qxe5 49. Rc8 (49. Nxe6 f3+ 50. Kg1 Rg8 $11) 49... f3+ 50. Nxf3 Qf6 $18) 48... Bxe5 49. Qxe5 Qxe5 50. Nxe5 {[%mdl 4096] Endgame Threatens to win with Ng6+. KRN-KRN} Kg8 51. f3 Ng5 $2 (51... Nd6 52. b4 Rb8) 52. Rc6 Nh7 $2 (52... Kh7 53. Nd3 d4) 53. Rg6+ Kh8 54. b4 {[%cal Bb2b4,Bb4b5,Bb5b6,Bb6b7][%mdl 32]} Nf6 55. b5 Kh7 56. b6 Re8 57. b7 {Accuracy: White = 62%, Black = 44%.} 1-0